| 000 | 00466naa a2200181 4500 | ||
|---|---|---|---|
| 001 | 17380 | ||
| 003 | OSt | ||
| 005 | 20240528080253.0 | ||
| 007 | tu | ||
| 008 | 130710|||||||||||| | ||
| 040 |
_aDE-2950 _cDE-2950 |
||
| 100 | 1 | _aBurger, Thomas | |
| 245 | 0 | 0 | _aInteressantes zur Frankfurter Privatpostanstalt "Deutscher Herold" |
| 260 | _c2002 | ||
| 653 | _aDeutscher Herold | ||
| 773 | 0 |
_dFrankfurt (Oder) _gFrankfurter Briefe Heft 45/ 2002, S. 5 _w12927 |
|
| 942 |
_2z _cA |
||
| 999 |
_c77718 _d77718 |
||